| 000 | 00565nam a2200145 4500 | ||
|---|---|---|---|
| 999 |
_c16083 _d16083 |
||
| 008 | 210412b ||||| |||| 00| 0 eng d | ||
| 022 | _a0732-8435 | ||
| 082 | _aDPer 657.05 C33 Sept-Dec 2011 v. 81 n. 9-12 | ||
| 100 |
_aKranacher, Mary-Jo. _943096 |
||
| 245 |
_aFASB looks to the future: _bstandards setting in the post-convergence world/ _cMary-Jo Kranacher. |
||
| 260 |
_aNew York: _bThe New York State Society of CPA, _c©2011. |
||
| 300 |
_av81 n12, pages 16-24: _bcolor illustrations; _c28 cm. |
||
| 650 |
_aAccounting _xProfession. _943097 |
||
| 942 |
_2ddc _cPER |
||